Statistics for Countries that Have 6 letters in their Names

Click here to take the quiz!

General Stats

  • This quiz has been taken 62 times
  • The average score is 22 of 33

Answer Stats

HintCountry% Correct
28Sweden
85%
9France
83%
22Norway
83%
25Russia
83%
24Poland
77%
30Turkey
77%
14Israel
75%
33Zambia
75%
5Brazil
73%
1Angola
71%
15Jordan
71%
18Latvia
71%
7Canada
69%
17Kuwait
69%
27Serbia
69%
3Bhutan
67%
11Greece
67%
10Gambia
65%
20Mexico
65%
23Panama
65%
29Taiwan
65%
16Kosovo
60%
21Monaco
60%
2Belize
58%
6Brunei
58%
26Rwanda
58%
8Cyprus
56%
32Uganda
56%
19Malawi
54%
12Guinea
50%
13Guyana
50%
31Tuvalu
50%
4Bosnia
46%

Score Distribution

Percentile by Number Answered

Percent of People with Each Score

Your Score History

You have not taken this quiz